=LDR 00000nam 2200000 4500 =001 INLIS000000000031382 =005 20130612133446 =008 ***********************************Ind** =035 ##$$0010-061300000031382 =041 ##$$a Ind =082 ##$$a 617 =090 ##$$a 617bKla, i =100 ##$$a Klaue,Peter =245 ##$$a Ikhtisar Badah Minor, Pegangan untuk unit bedah rawat jalan/Puskesmas, Peter Klaue; alih bahasa,Edwar Lukito =260 ##$$a 1989 $b Jakarta =300 ##$$a ix,212 hlm., ilus., 15 cm =650 ##$$a Kesehatan-Bedah Minor =850 ##$$a NBPNMAT